000 00512nam a2200145 a 4500
001 000031676
005 20200930063109.0
008 110629s19uu dr 000 0 spa d
040 _aDO-SdBNP
_bspa
_cBNPHU
110 1 _aRepública Dominicana
_bConsejo Nacional de Zonas Francas de Exportación
_957964
245 1 0 _aEsquemas preferenciales de comercio :
_bLOME IV, SGP, ICC.
260 _a[Santo Domingo] :
_bCentro Dominicano de Promoción de Exportación,
_c[199u]?
300 _a29 p. ;
_c22 cm.
049 _aBNPD
999 _c31168
_d31168